Countries in the Sahel Quiz Stats

 Plays Quiz not verified by Sporcle

Score 0/11 Timer 02:00
0 Plays Today
% Correct
Niger
95.2%
Sudan
95.2%
Mali
94%
Chad
92.9%
Nigeria
88.7%
Mauritania
85.1%
Burkina Faso
85.1%
Senegal
81.5%
Ethiopia
80.4%
Eritrea
78.6%
Algeria
75.6%

You're not logged in!

Compare scores with friends on all Sporcle quizzes.
OR
Log In

Show Comments

Extras

Top Quizzes Today


Score Distribution

Your Account Isn't Verified!

In order to create a playlist on Sporcle, you need to verify the email address you used during registration. Go to your Sporcle Settings to finish the process.

Report this User

Report this user for behavior that violates our Community Guidelines.

Details: